[Event "GER-ch U12"]
[Site "Willingen"]
[Date "2017.06.10"]
[Round "11"]
[White "Tham, Nam"]
[Black "Marschall, Tillmann"]
[Result "1-0"]
[WhiteElo "1663"]
[BlackElo "1559"]
[PlyCount "83"]
[EventDate "2017.06.04"]
[EventType "swiss"]
[EventRounds "11"]
[EventCountry "GER"]
[SourceTitle "CBM 178 Extra"]
[Source "ChessBase"]
[SourceDate "2017.06.22"]
[SourceVersion "1"]
[SourceVersionDate "2017.06.22"]
[SourceQuality "1"]

1. e4 c6 2. Nc3 d5 3. Nf3 Bg4 4. Be2 e6 5. d4 Nf6 6. e5 Nfd7 7. Ng5 Bxe2 8. Qxe2 h6 9. Qh5 g6 10. Qh3 Be7 11. Nf3 h5 12. Be3 a6 13. 0-0-0 c5 14. Rhe1 Nc6 15. Kb1 Qc7 16. Qg3 c4 17. Nxd5 exd5 18. e6 Bd6 19. exd7+ Kxd7 20. Qh3+ f5 21. Ne5+ Bxe5 22. dxe5 Ke6 23. Qg3 Rhg8 24. Qh4 Qe7 25. Bg5 Qc5 26. Bc1 Raf8 27. f4 Nb4 28. Be3 Qa5 29. a3 Nc6 30. Qf2 c3 31. Rd3 cxb2 32. Kxb2 d4 33. Bxd4 Nxd4 34. Qxd4 Rd8 35. Qc4+ Ke7 36. Red1 Qb6+ 37. Rb3 Qc6 38. Qb4+ Ke6 39. Rd6+ Rxd6 40. exd6 b5 41. Re3+ Kd7 42. Re7+ 1-0

[Event "GER-ch U12"]
[Site "Willingen"]
[Date "2017.06.05"]
[Round "3"]
[White "Schubert, Nikita"]
[Black "Marschall, Tillmann"]
[Result "1-0"]
[WhiteElo "1715"]
[BlackElo "1559"]
[PlyCount "67"]
[EventDate "2017.06.04"]
[EventType "swiss"]
[EventRounds "11"]
[EventCountry "GER"]
[SourceTitle "CBM 178 Extra"]
[Source "ChessBase"]
[SourceDate "2017.06.22"]
[SourceVersion "1"]
[SourceVersionDate "2017.06.22"]
[SourceQuality "1"]

1. e4 e6 2. d4 d5 3. exd5 exd5 4. Bd3 Bd6 5. c3 c6 6. Ne2 Qc7 7. h3 Nd7 8. 0-0 Ndf6 9. Qc2 h6 10. Re1 Ne7 11. Nd2 0-0 12. Nf3 Re8 13. Bd2 Bd7 14. Nc1 Qc8 15. Ne5 Bf5 16. Bf4 Bxd3 17. Ncxd3 g5 18. Bh2 Qf5 19. Re2 Nc8 20. Rae1 Re7 21. f3 Nd7 22. Qd2 Nxe5 23. Bxe5 Bxe5 24. Rxe5 Rxe5 25. Rxe5 Qd7 26. Qe2 Nd6 27. Nc5 Qc7 28. Re7 Qb6 29. Qe5 Rd8 30. Nd7 Rxd7 31. Rxd7 Nc4 32. Qe8+ Kg7 33. Qxf7+ Kh8 34. Qg7# 1-0

[Event "Rheinland Pfalz op 8th"]
[Site "Reil an der Mosel"]
[Date "2016.05.26"]
[Round "1"]
[White "Weber, Samuel"]
[Black "Marschall, Tillmann"]
[Result "0-1"]
[WhiteElo "1998"]
[BlackElo "1588"]
[PlyCount "66"]
[EventDate "2016.05.26"]
[EventType "swiss"]
[EventRounds "7"]
[EventCountry "GER"]
[SourceTitle "EXT 2018"]
[Source "ChessBase"]
[SourceDate "2017.10.13"]
[SourceVersion "1"]
[SourceVersionDate "2017.10.13"]
[SourceQuality "1"]

1. e4 c6 2. d4 d5 3. exd5 cxd5 4. Bd3 Nc6 5. c3 Nf6 6. Bf4 Bg4 7. Qb3 Qd7 8. Nd2 a6 9. a4 e6 10. Ngf3 Be7 11. 0-0 0-0 12. Ne5 Nxe5 13. Bxe5 Rfc8 14. Rae1 Bh5 15. f3 Bg6 16. Bxg6 hxg6 17. g4 b5 18. a5 b4 19. Rc1 Qb7 20. Rfe1 Qb5 21. Qa2 Qd3 22. Red1 bxc3 23. Qb3 Qe3+ 24. Kh1 Nd7 25. Rxc3 Rxc3 26. bxc3 Nxe5 27. Qb7 Re8 28. dxe5 Qe2 29. Qb3 Bg5 30. Qa4 Rf8 31. Qc2 Bf4 32. Kg1 Qxh2+ 33. Kf1 Bg3 0-1

[Event "Goch op 26th"]
[Site "Goch"]
[Date "2015.09.05"]
[Round "4"]
[White "Spicks, Norbert"]
[Black "Marschall, Tillmann"]
[Result "1/2-1/2"]
[WhiteElo "1740"]
[BlackElo "1444"]
[PlyCount "81"]
[EventDate "2015.09.03"]
[EventType "swiss"]
[EventRounds "7"]
[EventCountry "GER"]
[SourceTitle "EXT 2018"]
[Source "ChessBase"]
[SourceDate "2017.10.13"]
[SourceVersion "1"]
[SourceVersionDate "2017.10.13"]
[SourceQuality "1"]

1. e4 c6 2. d4 d5 3. exd5 cxd5 4. Nf3 Nc6 5. c3 Bg4 6. h3 Bh5 7. Be2 e6 8. 0-0 Bd6 9. Be3 Nge7 10. Nbd2 0-0 11. Nb3 Qc7 12. Ne1 Bxe2 13. Qxe2 Ng6 14. Nd3 b6 15. Nd2 Nce7 16. Nf3 Nf5 17. Bd2 Rac8 18. Nfe5 Nxe5 19. Nxe5 f6 20. Nd3 e5 21. Qg4 Ne7 22. dxe5 fxe5 23. Qe6+ Kh8 24. Bg5 e4 25. Ne1 Rcd8 26. Nc2 h6 27. Bxe7 Bxe7 28. Nd4 Rf6 29. Qg4 Qe5 30. f4 exf3 31. Nxf3 Bc5+ 32. Kh1 Qd6 33. Rae1 Rdf8 34. Nd2 Rxf1+ 35. Rxf1 Rxf1+ 36. Nxf1 Qf8 37. Qf3 Qxf3 38. gxf3 g5 39. Kg2 Kg7 40. b4 Bd6 41. Ne3 1/2-1/2

[Event "GER-ch U10"]
[Site "Willingen"]
[Date "2015.05.25"]
[Round "3"]
[White "Musiolik, David"]
[Black "Marschall, Tillmann"]
[Result "1/2-1/2"]
[WhiteElo "1629"]
[BlackElo "1419"]
[PlyCount "46"]
[EventDate "2015.05.24"]
[EventType "swiss"]
[EventRounds "11"]
[EventCountry "GER"]
[SourceTitle "CBM 166 Extra"]
[Source "ChessBase"]
[SourceDate "2015.06.18"]
[SourceVersion "1"]
[SourceVersionDate "2015.06.18"]
[SourceQuality "1"]

1. e4 c6 2. d4 d5 3. Nc3 dxe4 4. Nxe4 Bf5 5. f3 Nd7 6. Bd3 e6 7. Ne2 Bxe4 8. fxe4 Ngf6 9. c3 c5 10. 0-0 cxd4 11. cxd4 Rc8 12. a3 Be7 13. h3 Qb6 14. Kh1 0-0 15. b4 Rfd8 16. Be3 e5 17. Rc1 exd4 18. Bxd4 Qd6 19. Qb3 Ne5 20. Bb1 b6 21. Rfd1 Rxc1 22. Rxc1 Nc6 23. Rd1 Qc7 1/2-1/2

[Event "GER-ch U10"]
[Site "Magdeburg"]
[Date "2014.06.11"]
[Round "6"]
[White "Marschall, Tillmann"]
[Black "Post, Hugo"]
[Result "0-1"]
[WhiteElo "1345"]
[BlackElo "1594"]
[PlyCount "126"]
[EventDate "2014.06.08"]
[EventType "swiss"]
[EventRounds "11"]
[EventCountry "GER"]
[SourceTitle "CBM 160 Extra"]
[Source "ChessBase"]
[SourceDate "2014.07.01"]
[SourceVersion "1"]
[SourceVersionDate "2014.07.01"]
[SourceQuality "1"]

1. e4 c5 2. c3 d5 3. exd5 Qxd5 4. d4 Nf6 5. Nf3 Nc6 6. Be2 Bf5 7. c4 Qd8 8. d5 Nb4 9. Na3 g6 10. Bd2 a6 11. Bxb4 cxb4 12. Nc2 Bg7 13. Nfd4 Bxc2 14. Nxc2 0-0 15. 0-0 Ne4 16. Rb1 Qa5 17. Bf3 Nd6 18. Qe1 Qxa2 19. Nxb4 Qxc4 20. Qd2 Qd4 21. Qxd4 Bxd4 22. Rfe1 Bf6 23. b3 Bc3 24. Nd3 Bxe1 25. Rxe1 Rfc8 26. b4 Rc3 27. Rd1 Kf8 28. Kf1 b6 29. Ne5 Ke8 30. Nc6 e6 31. Re1 Kd7 32. Ne5+ Kc7 33. dxe6 Rf8 34. Bd5 fxe6 35. Bxe6 Rc2 36. f3 Rb2 37. Rc1+ Kb7 38. Bd5+ Ka7 39. Nc6+ Ka8 40. Ra1 Kb7 41. b5 Nxb5 42. Rc1 Kc7 43. Na5+ Kd7 44. Nc4 Rb4 45. Nxb6+ Ke7 46. Be4 Rxe4 47. Nc4 Re6 48. Na5 Rff6 49. Nb3 Rc6 50. Rd1 Rc3 51. Nc1 a5 52. Ne2 Rc5 53. Ra1 Ra6 54. Nc1 Rc3 55. Ke2 a4 56. Rb1 Ra5 57. Kd2 Rc5 58. Na2 Na3 59. Rb7+ Kd6 60. Nc3 Nc4+ 61. Kd3 Kc6 62. Rb4 Ne5+ 63. Kd4 a3 0-1

[Event "GER-ch U10"]
[Site "Magdeburg"]
[Date "2014.06.08"]
[Round "2"]
[White "Marschall, Tillmann"]
[Black "Trifan, Andrei Ioan"]
[Result "0-1"]
[WhiteElo "1345"]
[BlackElo "1798"]
[PlyCount "80"]
[EventDate "2014.06.08"]
[EventType "swiss"]
[EventRounds "11"]
[EventCountry "GER"]
[SourceTitle "CBM 160 Extra"]
[Source "ChessBase"]
[SourceDate "2014.07.01"]
[SourceVersion "1"]
[SourceVersionDate "2014.07.01"]
[SourceQuality "1"]

1. e4 e5 2. Nf3 Nc6 3. d4 exd4 4. Nxd4 Bc5 5. Nb3 Bb6 6. Nc3 Nf6 7. Bg5 h6 8. Bh4 g5 9. Bg3 Qe7 10. Qe2 d6 11. Nd5 Nxd5 12. exd5 Qxe2+ 13. Bxe2 Nb4 14. 0-0-0 Bf5 15. Rhe1 0-0-0 16. Rd2 Nxa2+ 17. Kd1 Nb4 18. Bh5 Rd7 19. h3 Kd8 20. Bh2 Re8 21. Rxe8+ Kxe8 22. f3 Re7 23. f4 Be3 24. Re2 gxf4 25. c3 Nxd5 26. Nd4 Bxd4 27. Rxe7+ Kxe7 28. cxd4 Ne3+ 29. Ke2 Nxg2 30. Kf3 Bxh3 31. Bxf4 Nxf4 32. Kxf4 Kf6 33. Bf3 b6 34. d5 Bf5 35. Bh5 Bg6 36. Bg4 h5 37. Bh3 a5 38. Bd7 Bc2 39. Bb5 Bb3 40. Bc6 h4 0-1